Matematika (krok za krokom na EU)

Guardado en:
Detalles Bibliográficos
Autor principal: Peller, František
Autor Corporativo: Ekonomická univerzita v Bratislave
Otros Autores: Starečková, Anna, Pinda, Ľudovít, 1958-, Sakálová, Katarína, 1955-, Györffy, Ladislav
Formato: Libro
Lenguaje:eslovaco
Publicado: Bratislava Vydavateľstvo EKONÓM 2009
Materias:
Etiquetas: Agregar Etiqueta
Sin Etiquetas, Sea el primero en etiquetar este registro!

MARC

LEADER 00000nam$a2200000$$$4500
001 0093625
005 20240502072037.2
020 |a 978-80-225-2698-2 
041 0 |a slo 
044 |a SK 
245 1 0 |a Matematika (krok za krokom na EU)  |c František Peller, Anna Starečková, Ľudovít Pinda 
264 1 |a Bratislava  |b Vydavateľstvo EKONÓM  |c 2009 
300 |a 357 s. 
610 2 0 |a matematika 
610 2 0 |a testy 
610 2 0 |a skúšky prijímacie 
610 2 0 |a univerzity 
100 1 |a Peller, František 
700 1 |a Starečková, Anna 
700 1 |a Pinda, Ľudovít, 1958- 
700 1 |a Sakálová, Katarína, 1955- 
700 1 |a Györffy, Ladislav 
710 2 |a Ekonomická univerzita v Bratislave